Cálculo tensorial /
Guardado en:
| Autor Principal: | |
|---|---|
| Formato: | Libro |
| Idioma: | Portuguese |
| Publicado: |
Rio de Janeiro :
Instituto de Matemática Pura e Aplicada do Conselho Nacional de Pesquisas,
1965.
|
| Series: | Notas de matemática ;
no. 32 |
| Etiquetas: |
Agregar Etiqueta
Sin Etiquetas, Sea el primero en etiquetar este registro!
|
| LEADER | 00541nam a22001575a 4500 | ||
|---|---|---|---|
| 001 | MAT.inmabb001489 | ||
| 008 | 031124s1965####bl############000#0#por#d | ||
| 005 | 20170825164600.0 | ||
| 245 | 1 | 0 | |a Cálculo tensorial / |c por Elon Lages Lima. |
| 260 | |a Rio de Janeiro : |b Instituto de Matemática Pura e Aplicada do Conselho Nacional de Pesquisas, |c 1965. | ||
| 300 | |a 228 p. ; |c 28 cm. | ||
| 440 | 0 | |a Notas de matemática ; |v no. 32 | |
| 510 | 4 | |a MR, |c 33 #4831 | |
| 100 | 1 | |a Lima, Elon Lages, |d 1929- | |
| 084 | |a 53.35 |2 MR | ||
| 859 | |h 53 |i L732c |p A-1815 |b BIB. MATEMATICA | ||
